00322pab a2200133 454500008004000000100001700040245003700057260000900094300001100103362001100114650002700125700001600152773002000168180718b2011 xxu||||| |||| 00| 0 eng d aSoni, Rashmi aInstitute - industry interaction c2011 ap.3-9. a13 Jun aIndustry and education aSodha, M.S. aUniversity News